Valtio ja pääkaupunki lähes samannimisiä - Statistics

Yleistilastot
  • Tätä visaa on pelattu 209 kertaa
  • Keskiarvotulos 14 / 18
Vastaustilastot
Maanosa Vastaus % Oikein
Eurooppa Vatikaani / Vatikaani
94%
Eurooppa Monaco / Monaco
92%
Eurooppa Andorra / Andorra la Vella
89%
Etelä-Amerikka Brasilia / Brasilia
89%
Eurooppa San Marino / San Marino
89%
Eurooppa Luxemburg / Luxemburg
87%
Pohjois-Amerikka Meksiko / Mexico City
82%
Afrikka Algeria / Alger
80%
Väli-Amerikka Panama / Panama City
80%
Afrikka Tunisia / Tunis
76%
Väli-Amerikka Guatemala / Guatemala City
73%
Afrikka Djibouti / Djibouti
71%
Väli-Amerikka El Salvador / San Salvador
71%
Aasia Singapore / Singapore
68%
Aasia Kuwait / Kuwait City
63%
Afrikka São Tomé ja Príncipe / São Tomé
62%
Aasia Malediivit / Malé
59%
Afrikka Guinea-Bissau / Bissau
52%
Ehtoja vastaavia visoja ei löytynyt
Tulosjakauma
Jokaisen tuloksen saaneiden osuus
Persentiili vastausten määrän mukaan
Tuloshistoriasi
Et ole pelannut tätä visaa